[Event "Tuimazy Cup Tuimazy-B op"]
[Site "Tuimazy"]
[Date "2016.09.24"]
[Round "6"]
[White "Bigalin, Ilnar"]
[Black "Saifutdinov, Alfred"]
[Result "0-1"]
[WhiteElo "1518"]
[BlackElo "1385"]
[PlyCount "68"]
[EventDate "2016.09.17"]
[EventType "swiss"]
[EventRounds "7"]
[EventCountry "RUS"]
[SourceTitle "EXT 2022"]
[Source "ChessBase"]
[SourceDate "2021.10.06"]
[SourceVersion "1"]
[SourceVersionDate "2021.10.06"]
[SourceQuality "1"]

1. e4 c5 2. Nf3 Nc6 3. d4 cxd4 4. Nxd4 e5 5. Nb3 Nf6 6. Nc3 Be7 7. Be3 0-0 8. Bd3 d6 9. 0-0 Ng4 10. Bd2 Nb4 11. Be2 Nf6 12. a3 Nc6 13. h3 a6 14. Be3 Qc7 15. Nd5 Nxd5 16. exd5 Na5 17. Nd2 b5 18. b3 Bf5 19. Bd3 Bxd3 20. cxd3 Nb7 21. Qg4 f5 22. Qe2 f4 23. Rac1 Qd8 24. Bxf4 Rxf4 25. b4 Qd7 26. Rc6 Nd8 27. Rc2 Qb7 28. g3 Rf8 29. Qe4 Nf7 30. h4 Nh6 31. Nb3 Qd7 32. Na5 Qh3 33. Qe1 Rf3 34. Qe4 Ng4 0-1

[Event "Tuimazy Cup Tuimazy-B op"]
[Site "Tuimazy"]
[Date "2016.09.24"]
[Round "5"]
[White "Saifutdinov, Alfred"]
[Black "Gabidullin, Vadim"]
[Result "1-0"]
[WhiteElo "1385"]
[BlackElo "1494"]
[PlyCount "49"]
[EventDate "2016.09.17"]
[EventType "swiss"]
[EventRounds "7"]
[EventCountry "RUS"]
[SourceTitle "EXT 2022"]
[Source "ChessBase"]
[SourceDate "2021.10.06"]
[SourceVersion "1"]
[SourceVersionDate "2021.10.06"]
[SourceQuality "1"]

1. c4 e5 2. Nc3 Nf6 3. Nf3 Nc6 4. d3 Bb4 5. g3 d5 6. cxd5 Nxd5 7. Bd2 Be6 8. Bg2 Qf6 9. 0-0 Nxc3 10. bxc3 Bc5 11. Bg5 Qg6 12. Rb1 Rb8 13. Qd2 0-0 14. Nh4 Qh5 15. Bf3 Bg4 16. Bg2 Bxe2 17. Rfe1 f6 18. Be3 Bxe3 19. Qxe3 Bg4 20. h3 Bd7 21. Kh2 f5 22. Rb2 f4 23. Qc5 Kh8 24. Rxb7 Rxb7 25. Qxf8# 1-0